Desarrollo del sistema web para la administración de pedidos de productos del negocio Jenny´s Store
En el presente trabajo se evidencia el análisis, desarrollo e implementación de un sistema web para la administración de pedidos de productos del negocio Jenny´s Store. Con el proyecto se logró que el manejo de información de los pedidos y productos se automaticen y ya no sea necesario el manej...
| Main Author: | |
|---|---|
| Other Authors: | |
| Format: | Tesis Section = Libro |
| Language: | Undetermined Spanish |
| Published: |
Managua
UNI
2022
|
| Subjects: |
| LEADER | 01248nam a2200277Ia 4500 | ||
|---|---|---|---|
| 008 | 240830s9999 xx 000 0 und d | ||
| 040 | |a BIBLIOTECA-RUSB/ Mon 005.1 B641 | ||
| 041 | |a spa | ||
| 082 | |a Mon 005.1 B641 | ||
| 100 | 1 | |a Blanco Sánchez, Daniel Alonso | |
| 245 | 1 | 0 | |a Desarrollo del sistema web para la administración de pedidos de productos del negocio Jenny´s Store |
| 260 | |a Managua |b UNI |c 2022 | ||
| 300 | |a 86 p. :il. | ||
| 500 | |a Contiene: anexos y CD. | ||
| 502 | |a Tesis (Ingeniero en Computación) - UNI, 2022. | ||
| 520 | 3 | |a En el presente trabajo se evidencia el análisis, desarrollo e implementación de un sistema web para la administración de pedidos de productos del negocio Jenny´s Store. Con el proyecto se logró que el manejo de información de los pedidos y productos se automaticen y ya no sea necesario el manejo de registros en una forma manual sino ya con la utilización de la aplicación web. | |
| 650 | 7 | |a SISTEMA WEB | |
| 650 | 7 | |b APLICACIÓN WEB | |
| 650 | 7 | |c ALMACENAMIENTOS DE DATOS | |
| 650 | 7 | |d INTERFAZ DE USUARIO | |
| 650 | 7 | |e HISTORIAS DE USUARIO | |
| 650 | 7 | |f NEGOCIOS. | |
| 700 | 1 | |a Tutor: |b Chávez Mairena, Luis Eduardo | |
| 942 | |c BK |2 ddc | ||
| 991 | |a TESIS | ||
| 999 | |c 27259 | ||